The Menstrual Symphony: (Record no. 208650)
[ view plain ]
| 000 -LEADER | |
|---|---|
| fixed length control field | 00541nam a2200181 4500 |
| 005 - DATE AND TIME OF LATEST TRANSACTION | |
| control field | 20250121123240.0 |
| 010 ## - LCCN (DPL NO) | |
| LC control number | ENG-143461 |
| 020 ## - INTERNATIONAL STANDARD BOOK NUMBER | |
| International Standard Book Number | 9789393384911 |
| Terms of availability | 349.00 |
| 035 ## - SYSTEM CONTROL NUMBER | |
| System control number | EN-126993 |
| 037 ## - SOURCE OF ACQUISITION | |
| Source of stock number/acquisition | DBAD |
| 082 ## - DEWEY DECIMAL CLASSIFICATION NUMBER | |
| Classification number | 371.82 |
| 100 ## - MAIN ENTRY--PERSONAL NAME | |
| Personal name | Shanmugan, Vidhya |
| 245 ## - TITLE STATEMENT | |
| Title | The Menstrual Symphony: |
| Remainder of title | Unlocking the Secrets of Hormonal Health/ |
| Statement of responsibility, etc | by Vidhya Shanmugan |
| 260 ## - PUBLICATION, DISTRIBUTION, ETC. (IMPRINT) | |
| Name of publisher, distributor, etc | Bluerose Publishers |
| Date of publication, distribution, etc | 2024 |
| 270 ## - ADDRESS | |
| Electronic mail address | www.bluerosepublishers.com |
| 300 ## - PHYSICAL DESCRIPTION | |
| Extent | 158p. |
| Dimensions | 20cm(Hb) |
| 942 ## - ADDED ENTRY ELEMENTS (KOHA) | |
| Source of classification or shelving scheme | Dewey Decimal Classification |
| Item type | English Books |
| Classification part | 371.82 |
| Call number suffix | SHA |
| Withdrawn status | Lost status | Not for loan | Collection code | Home library | Current library | Date acquired | Source of acquisition | Cost, normal purchase price | Full call number | Barcode | Copy number | Cost, replacement price | Koha item type |
|---|---|---|---|---|---|---|---|---|---|---|---|---|---|
| Non-fiction | Ashok Vihar | Ashok Vihar | 21/01/2025 | Delivery of Books Act Division | 349.00 | 371.82 SHA | EN-126993 | 1 | 349.00 | English Books |
